[Event "JUG-chT"]
[Site "Tivat"]
[Date "1995.??.??"]
[Round "10"]
[White "Vujic Katanic, Branka"]
[Black "Ujhazi, Ivan"]
[Result "1/2-1/2"]
[WhiteElo "2145"]
[BlackElo "2285"]

1.Nf3 d5 2.c4 e6 3.g3 Nf6 4.Bg2 Be7 5.O-O O-O 6.d4 c5 7.cxd5 exd5 8.Nc3 Nc6
9.Be3 c4 10.Ne5 Be6 11.Nxc4 dxc4 12.d5 Bd7 13.dxc6 Bxc6 14.Bxc6 bxc6 15.Qa4 Qb8
16.Rab1 Ng4 17.Bf4 Bd6 18.Bxd6 Qxd6 19.Qxc4 Ne5 20.Qf4 Qe6 21.Rfd1 Rfe8 22.Rd4 Rad8
23.Rbd1 Rxd4 24.Rxd4 f6 25.Qd2 Qh3 26.Rh4 Qf5 27.Rd4 Qh3 28.f3 Qe6 29.b3 f5
30.Rd8 Rxd8 31.Qxd8+ Kf7 32.Qd4 Ke7 33.Nd1 Qd7 34.Qxd7+ Nxd7 35.Kf2 Ke6 36.Ke3 Ke5
37.Nc3 g5 38.f4+ gxf4+ 39.gxf4+ Kd6 40.Kd4 Nf6 41.e4 c5+ 42.Kd3 Ke6 43.h3 fxe4+
44.Nxe4 Nd5 45.Ng5+ Kf5 46.Nxh7 Nb4+ 47.Kc4 Nxa2 48.Kxc5 Nc1 49.b4 Nd3+ 50.Kc4 Nxb4
51.Kxb4 Kxf4  1/2-1/2

[Event "P&V Cup"]
[Site "Tjalfe"]
[Date "1995.??.??"]
[Round "?"]
[White "Hansen, Mads Smith"]
[Black "Christensen, Tobias"]
[Result "1/2-1/2"]
[WhiteElo "2370"]
[BlackElo "2375"]

1.Nf3 d5 2.c4 dxc4 3.Na3 e5 4.Nxe5 Bxa3 5.Qa4+ Nd7 6.Nxd7 Bxd7 7.Qxa3 Nf6
8.e3 Ng4 9.Be2 Qh4 10.Bxg4 Qxg4 11.O-O a6 12.f3 Qe6 13.b3 cxb3 14.d4 Bb5
15.Re1 O-O-O  1/2-1/2

[Event "FRA-ch"]
[Site "Toulouse"]
[Date "1995.??.??"]
[Round "5"]
[White "Bricard, Emmanuel"]
[Black "Luce, Sebastien"]
[Result "1/2-1/2"]
[WhiteElo "2485"]
[BlackElo "2415"]

1.Nf3 d5 2.c4 c6 3.g3 Nf6 4.Bg2 Bg4 5.cxd5 cxd5 6.Ne5 Bc8 7.O-O e6 8.Nc3 Be7
9.d4 O-O 10.e4 dxe4 11.Nxe4 Nbd7 12.Nc3 Nb6 13.Be3 Nfd5 14.Qb3 Nxe3 15.fxe3 Nd7
16.Nc4 Rb8 17.a4 b6 18.Rad1 a6 19.Ne4 Bb7 20.Qd3 b5 21.axb5 axb5 22.Ncd2 Bd5
23.Nf2 Bxg2 24.Kxg2 Nb6 25.Nf3 Nc4 26.Qe2 Qb6 27.e4 Qb7 28.Rd3 Rfe8 29.Rfd1 Bf8
30.b3 Nd6 31.Re3 b4 32.Ne5 Nb5 33.Qf3 Rbd8 34.Red3 Nc3 35.R1d2 Nb1 36.Rc2 Nc3
37.Rcd2 Nb1 38.Rc2 Nc3  1/2-1/2

[Event "Travemuende op"]
[Site "Travemuende"]
[Date "1995.??.??"]
[Round "1"]
[White "Wojtkiewicz, Aleksander"]
[Black "Spiess, Gunter"]
[Result "1-0"]
[WhiteElo "2530"]
[BlackElo "2360"]

1.Nf3 d5 2.c4 e6 3.d4 Nf6 4.g3 c6 5.Bg2 Nbd7 6.Nbd2 b6 7.O-O Be7 8.Qc2 Bb7
9.e4 dxe4 10.Nxe4 c5 11.Nxf6+ Nxf6 12.dxc5 Bxc5 13.b4 Bd6 14.Rd1 Qc7 15.Nd4 Bxg2
16.Nb5 Qc6 17.Nxd6+ Ke7 18.b5 Be4 19.Qe2 Bf3 20.Qe3 Bxd1 21.bxc6 Rhd8  1-0

[Event "Trelew Clarin-GP"]
[Site "Trelew"]
[Date "1995.??.??"]
[Round "4"]
[White "Tempone, Marcelo"]
[Black "Torres, Luciano"]
[Result "1-0"]
[WhiteElo "2435"]
[BlackElo "2280"]

1.Nf3 d5 2.c4 e6 3.d4 a6 4.Nbd2 Nf6 5.g3 Bd6 6.Bg2 O-O 7.O-O Nbd7 8.Qc2 c6
9.b3 Re8 10.Bb2 Qc7 11.e4 dxe4 12.Nxe4 Be7 13.Rad1 b6 14.Rfe1 Bb7 15.c5 b5
16.Ne5 Nd5 17.h4 Nf8 18.h5 f6 19.Nf3 a5 20.a3 b4 21.a4 Reb8 22.Nfd2 f5 23.Nd6 Bxd6
24.cxd6 Qxd6 25.Nc4 Qd8 26.Qd2 Qf6 27.Rc1 Rd8 28.Ne5 Rac8 29.Rc5 Nd7 30.Rxa5 Nxe5
31.Rxe5 Qe7 32.Qe1 Kf7 33.Rc5 Nf6 34.Qxb4 Ba8 35.Re1 Nd7 36.Rxf5+ Nf6 37.Qxe7+ Kxe7
38.Rfe5  1-0

[Event "American op"]
[Site "USA"]
[Date "1995.??.??"]
[Round "2"]
[White "Saidy, Anthony Fred"]
[Black "Weinberger, Tibor"]
[Result "1-0"]
[WhiteElo "2395"]
[BlackElo "2225"]

1.Nf3 d5 2.c4 c6 3.Qc2 e6 4.b3 f5 5.g3 Nf6 6.Bg2 Bd6 7.Bb2 O-O 8.O-O Qe8
9.d4 Nbd7 10.Ba3 Bxa3 11.Nxa3 Qh5 12.b4 a6 13.Qc1 Ne4 14.Qf4 g5 15.Qc7 Ndf6
16.e3 Bd7 17.Ne5 Rac8 18.Qxb7 Nd6 19.Qb6 f4 20.exf4 gxf4 21.Rae1 Nde4 22.Nb1 Ng4
23.Nxg4 f3 24.Ne5 fxg2 25.Kxg2 Nxf2 26.Rxf2 Rxf2+ 27.Kxf2 Qxh2+ 28.Ke3 Rf8
29.Nf3 Qxg3 30.Nd2 Qf4+ 31.Kd3 e5 32.dxe5 Bf5+ 33.Kc3 Be4 34.Nxe4 dxe4 35.Nd2 Qh4
36.Qg1+ Kh8 37.Rxe4 Qh3+ 38.Re3 Qe6 39.Nf3 Rf4 40.Nd4 c5 41.Nxe6  1-0

[Event "Val Thorens op"]
[Site "Val Thorens"]
[Date "1995.??.??"]
[Round "?"]
[White "Todorov, Ognjan"]
[Black "Barsov, Alexei"]
[Result "1/2-1/2"]
[WhiteElo "2410"]
[BlackElo "2445"]

1.Nf3 d5 2.c4 e6 3.g3 dxc4 4.Qa4+ Nd7 5.Qxc4 c5 6.Bg2 b6 7.d3 Bb7 8.O-O Ngf6
9.Nbd2 Be7 10.Qc2 O-O 11.b3 Rc8 12.Bb2 Nb8 13.Rac1  1/2-1/2

[Event "EU-ch U14"]
[Site "Verdun"]
[Date "1995.??.??"]
[Round "9"]
[White "Fressinet, Laurent"]
[Black "Acs, Peter"]
[Result "1-0"]
[WhiteElo "2135"]
[BlackElo "2240"]

1.Nf3 d5 2.c4 c6 3.cxd5 cxd5 4.d4 Nf6 5.Nc3 Nc6 6.Ne5 e6 7.Nxc6 bxc6 8.g3 Be7
9.Bg2 O-O 10.O-O Rb8 11.Na4 Ba6 12.Bf4 Rb4 13.b3 Ne4 14.Rc1 Bf6 15.Be3 Nd6
16.a3 Rb7 17.Nc5 Rb6 18.Na4 Rb7 19.Nc5 Rb6 20.Bd2 Bxd4 21.Ba5 Bxc5 22.Rxc5 Qd7
23.Bxb6 axb6 24.Rc2 c5 25.Qd2 f5 26.Bxd5 exd5 27.Qxd5+ Kh8 28.Rd2 Rd8 29.Rfd1 Qe7
30.Qc6 Bxe2 31.Re1 Bf3 32.Rxe7 Bxc6 33.Re6 Re8 34.Rdxd6  1-0

[Event "Verona op"]
[Site "Verona"]
[Date "1995.??.??"]
[Round "?"]
[White "De Vita, Igor"]
[Black "Di Lazzaro, Gabriele"]
[Result "1-0"]
[WhiteElo "2140"]
[BlackElo "2140"]

1.Nf3 d5 2.c4 c6 3.b3 dxc4 4.bxc4 Nf6 5.e3 g6 6.Be2 Bg7 7.Bb2 O-O 8.O-O c5
9.d4 cxd4 10.exd4 b6 11.Nbd2 Bb7 12.Ne5 Nbd7 13.Bf3 Bxf3 14.Ndxf3 Nxe5 15.Nxe5 e6
16.Qf3 Rc8 17.Rfd1 Qc7 18.Rac1 Nd7 19.Ng4 h5 20.Ne3 Qd8 21.Ba3 Re8 22.Bd6 Nf6
23.Be5 Nh7 24.Bxg7 Kxg7 25.c5 Qf6 26.Qb7 bxc5 27.dxc5 Rb8 28.Qxa7 Ra8 29.Qd7 Red8
30.Qb7 Rxd1+ 31.Rxd1 Rxa2 32.Rf1 Rb2 33.Qd7 Rb8 34.c6 Nf8 35.Qa7 Rc8 36.Qb7 Qd8
37.Ra1 Qc7 38.Ra8 Qxc6 39.Qxc8 Qxc8 40.Rxc8 g5 41.Nc4 Ng6 42.Rc7  1-0

[Event "Vinkovci"]
[Site "Vinkovci"]
[Date "1995.??.??"]
[Round "?"]
[White "Kurajica, Bojan"]
[Black "Kovacevic, Vlatko"]
[Result "1-0"]
[WhiteElo "2585"]
[BlackElo "2520"]

1.Nf3 d5 2.c4 e6 3.g3 dxc4 4.Qa4+ Qd7 5.Qxc4 Qc6 6.b3 Qxc4 7.bxc4 c5 8.Nc3 Nc6
9.Bg2 Bd7 10.Nb5 Rc8 11.Rb1 f6 12.d3 Nh6 13.Nd2 Nf7 14.Bxc6 Rxc6 15.Nxa7 Ra6
16.Rxb7 Nd8 17.Nb5 Bc6 18.Nc7+ Kd7 19.Nxa6+ Bxb7 20.Nxc5+ Bxc5 21.O-O e5
22.Nb3 Ne6 23.Nxc5+ Nxc5 24.Be3 Ne6 25.f4 exf4 26.gxf4 f5 27.Rb1 Bc6 28.d4 Be4
29.Rb4 g5 30.fxg5 f4 31.Bd2 Nxg5 32.h4 Ne6 33.d5 Nc5 34.Bxf4 Rg8+ 35.Kf2 Bg6
36.Rb5 Rf8 37.Kf3 Rc8 38.Ke3 Re8+ 39.Kd4 Re4+ 40.Kxc5 Rxf4 41.a4 Bh5 42.e3 Re4
43.Rb2 Rxe3 44.Rb7+ Kc8 45.Rxh7 Bd1 46.a5 Re4 47.a6 Be2 48.a7 Rxc4+ 49.Kd6 Ra4
50.Rh8+ Kb7 51.a8=Q+ Rxa8 52.Rxa8 Kxa8 53.Kc7  1-0

[Event "AUT-ch"]
[Site "Voitsberg"]
[Date "1995.??.??"]
[Round "2"]
[White "Sommerbauer, Norbert"]
[Black "Weinzettl, Ernst"]
[Result "0-1"]
[WhiteElo "2385"]
[BlackElo "2390"]

1.Nf3 d5 2.c4 c6 3.cxd5 cxd5 4.d4 Nc6 5.Nc3 Nf6 6.Bf4 e6 7.e3 Bd6 8.Bg3 a6
9.Bd3 h6 10.Ne5 Bxe5 11.dxe5 Nd7 12.f4 Qb6 13.Qd2 Nc5 14.Bb1 Na5 15.Nxd5 exd5
16.b4 Nc4 17.bxc5 Qxc5 18.Qd4 Qxd4 19.exd4 g6 20.Bh4 Bf5 21.Bf6 Rg8 22.Ke2 b5
23.a3 Kd7 24.Ba2 Be4 25.Rhc1 Rab8 26.a4 b4 27.Bb3 Na5 28.Bc2 Bxc2 29.Rxc2 Nc4
30.g4 b3 31.Rc3 b2 32.Rb1 Rb4 33.Kd3 Rgb8 34.f5 gxf5 35.gxf5 Rxa4 36.e6+ fxe6
37.fxe6+ Kxe6 38.Be5 Nxe5+ 39.dxe5 Ra1 40.Kc2 Rxb1 41.Kxb1 Kxe5 42.Rc6 d4
43.Rxa6 d3 44.Ra7 Rd8 45.Re7+ Kf6 46.Re1 d2 47.Rd1 Ke5  0-1

[Event "AUT-ch"]
[Site "Voitsberg"]
[Date "1995.??.??"]
[Round "15"]
[White "Loebler, Heimo"]
[Black "Sommerbauer, Norbert"]
[Result "1/2-1/2"]
[WhiteElo "2250"]
[BlackElo "2385"]

1.Nf3 d5 2.c4 e6 3.d4 dxc4 4.e3 b5 5.a4 c6 6.axb5 cxb5 7.b3 a5 8.bxc4 b4
9.Bd3 Nf6 10.O-O Bb7 11.Nbd2 Be7  1/2-1/2

[Event "AUT-chT9596"]
[Site "Vorarlberg"]
[Date "1995.??.??"]
[Round "3"]
[White "Mittermeier, Peter"]
[Black "Thoma, Robert"]
[Result "0-1"]
[WhiteElo "2040"]
[BlackElo "2305"]

1.Nf3 d5 2.c4 c6 3.b3 Bg4 4.Bb2 Nd7 5.d4 e6 6.Nbd2 f5 7.e3 Bd6 8.Be2 Qf6
9.a3 Ne7 10.O-O g5 11.Ne5 Bxe2 12.Qxe2 Qh6 13.f4 Nf6 14.b4 Ng6 15.b5 gxf4
16.bxc6 bxc6 17.exf4 Nxf4 18.Rxf4 Qxf4 19.g3 Qh6 20.Nxc6 Ne4 21.Nxe4 fxe4
22.Bc1 Qf6 23.cxd5 O-O 24.dxe6 Qxe6 25.d5 Qf5 26.Bb2 Bc5+ 27.Kh1 Qf3+ 28.Qxf3 exf3
29.Ne5 Rab8 30.Bc3 Rb3 31.Rc1 Bxa3 32.Ng4 Bxc1  0-1

[Event "AUT-chT9596"]
[Site "Vorarlberg"]
[Date "1995.??.??"]
[Round "3"]
[White "Mittermeier, Peter"]
[Black "Heilinger, Dietmar"]
[Result "1/2-1/2"]
[WhiteElo "2040"]
[BlackElo "2035"]

1.Nf3 d5 2.c4 c6 3.g3 Bf5 4.Bg2 Nf6 5.b3 e6 6.O-O h6 7.Bb2 Nbd7 8.d3 Be7
9.Nbd2 O-O 10.Rc1 a5 11.a3 Bh7 12.Rc2 Qb6 13.Qa1 Rfc8 14.cxd5 cxd5 15.Rfc1 Rc6
16.Bd4 Qa6 17.Ne5 Nxe5 18.Bxe5 Rac8 19.Rxc6 bxc6 20.Qb2 c5 21.Qc3 Ne8 22.b4 axb4
23.axb4 c4  1/2-1/2

[Event "Wattens op"]
[Site "Wattens"]
[Date "1995.??.??"]
[Round "?"]
[White "Erlacher, Herbert"]
[Black "Duer, Werner"]
[Result "0-1"]
[WhiteElo "1800"]
[BlackElo "2280"]

1.Nf3 d5 2.c4 c6 3.g3 Nf6 4.Bg2 Bg4 5.b3 e6 6.O-O Nbd7 7.d3 Be7 8.Bb2 O-O
9.Nbd2 a5 10.a3 Qb8 11.Qc2 Re8 12.Rfe1 e5 13.e4 dxe4 14.dxe4 b5 15.Rab1 h6
16.b4 axb4 17.axb4 Bd6 18.c5 Bc7 19.Ra1 Qb7 20.Bc3 Nh7 21.Qb2 Rxa1 22.Rxa1 f6
23.Nh4 Be6 24.Nb3 Ra8 25.Nf5 Nhf8 26.Bh3 Rxa1+ 27.Nxa1 Kh7 28.Qd2 Qa6 29.Kg2 Qc8
30.Ne7 Bxh3+ 31.Kxh3 Qe8 32.Nf5 Ne6 33.Qd3 Ndf8 34.Kg2 Qg6 35.Kh1 Qg4 36.f3 Qh3
37.Nc2 Ng5 38.Bd2 Nfe6 39.Be3 Nxf3 40.Qe2 Neg5 41.Bxg5 Nxg5 42.Ne1 Nxe4 43.Qf3 Ng5
44.Qf2 e4 45.Ne7 Qe6 46.Qf5+ Qxf5 47.Nxf5 Nf7 48.Nc2 Be5 49.Ne7 Nd8 50.Kg2 g6
51.Kf2 Kg7 52.Ke3 Kf7 53.Nc8 f5 54.Na7 Ke6 55.Nc8 Bc3 56.Nb6 h5 57.Ke2 Nf7  0-1

[Event "Wattens op"]
[Site "Wattens"]
[Date "1995.??.??"]
[Round "?"]
[White "Holzbauer, Johannes"]
[Black "Hofmann, Bernhard"]
[Result "1-0"]
[WhiteElo "2075"]
[BlackElo "1895"]

1.Nf3 d5 2.c4 c6 3.e3 Nf6 4.d4 Bg4 5.Nc3 e6 6.Qb3 Qc7 7.Ne5 Bd6 8.Bd2 Bxe5
9.dxe5 Nfd7 10.f4 Na6 11.Rc1 Ndc5 12.Qa3 dxc4 13.Bxc4 Qd7 14.Bxa6 Nxa6 15.Ne4 Qd5
16.Nd6+ Kd7 17.e4 Qd4 18.Rc4 Qb6 19.Be3 Qd8 20.Nxf7 Qh4+ 21.Bf2 Qh5 22.Rd4+ Ke8
23.Nxh8 c5 24.Qa4+ Kf8 25.Rd7 Kg8 26.Nf7 Nb4 27.O-O Be2 28.Re1 Nd3 29.Rxd3 Bxd3
30.Ng5  1-0

[Event "NBG Open Weilburg"]
[Site "Weilburg"]
[Date "1995.??.??"]
[Round "4"]
[White "Kveinys, Aloyzas"]
[Black "Haba, Petr"]
[Result "1/2-1/2"]
[WhiteElo "2515"]
[BlackElo "2410"]

1.Nf3 d5 2.c4 c6 3.b3 Bf5 4.Bb2 e6 5.g3 h6 6.Bg2 Nf6 7.O-O Be7 8.d3 O-O 9.Nbd2 Nbd7
10.Rc1 Bh7 11.Rc2 Ne8 12.Qa1 Bf6 13.cxd5 Bxb2 14.Qxb2 cxd5 15.Rfc1 Nd6 16.Qd4 Qb6
17.Qa4 Qb5 18.Qxb5 Nxb5 19.a4 Nd6 20.Nd4 Rfc8 21.Rc7 Nf6 22.Bh3 g5 23.Rxc8+ Rxc8
24.Rxc8+ Nxc8 25.f4 Nd6 26.Kf2 g4 27.Bg2 Kf8 28.b4 Ke7 29.a5 Kd7 30.Nb1 Nfe8
31.Nc3 f6 32.Nb3 Nc7 33.e3 Ke7 34.Ke2 Na6 35.Na2 Bg8 36.Nc5 Nb8 37.Nb3 Nf7
38.Kd2 Ke8 39.Bf1 b6 40.Nc3 Na6 41.axb6 axb6  1/2-1/2

[Event "NBG Open Weilburg"]
[Site "Weilburg"]
[Date "1995.??.??"]
[Round "9"]
[White "Kengis, Edvins"]
[Black "Khenkin, Igor"]
[Result "1-0"]
[WhiteElo "2565"]
[BlackElo "2555"]

1.Nf3 d5 2.c4 c6 3.b3 Bg4 4.Bb2 e6 5.g3 Bxf3 6.exf3 Nd7 7.Bg2 Ndf6 8.O-O g6
9.cxd5 cxd5 10.Qe2 Bg7 11.Rc1 Ne7 12.Qb5+ Qd7 13.Bf1 Qxb5 14.Bxb5+ Kd8 15.Nc3 a6
16.Bf1 Nd7 17.f4 Nc6 18.Rab1 Rc8 19.Kg2 Nd4 20.Na4 b5 21.Nc3 Nb6 22.Ne2 Rxc1
23.Nxc1 Kd7 24.a4 bxa4 25.bxa4 Nxa4 26.Bxd4 Bxd4 27.Rb4 Nb2 28.Rxd4 a5 29.Nd3 Nc4
30.Ne5+ Nxe5 31.fxe5 Kc6 32.Ra4 Kb6 33.Bd3 Rc8 34.Kf3 Rc1 35.Ke2 h6 36.h4 h5
37.Ra2 Rh1 38.Ra3 Rc1 39.Rb3+ Kc5 40.Rc3+ Rxc3 41.dxc3 d4 42.c4  1-0

[Event "Hoogovens op"]
[Site "Wijk aan Zee"]
[Date "1995.??.??"]
[Round "3"]
[White "Brodsky, Michail"]
[Black "Winants, Luc"]
[Result "1-0"]
[WhiteElo "2535"]
[BlackElo "2500"]

1.Nf3 d5 2.c4 e6 3.g3 Nf6 4.Bg2 Be7 5.O-O O-O 6.b3 b6 7.Bb2 Bb7 8.e3 Nbd7
9.Qe2 a5 10.Nc3 Ne4 11.Rfd1 Bf6 12.Rac1 a4 13.d4 Nxc3 14.Bxc3 axb3 15.axb3 Qb8
16.Ne5 Rd8 17.Ng4 Be7 18.e4 dxe4 19.d5 exd5 20.cxd5 Re8 21.Qxe4 Qd8 22.Qf5 Ba3
23.d6 Bxg2 24.dxc7 Qe7 25.Kxg2 Nc5 26.Re1 Ne6 27.Nf6+ gxf6 28.Bxf6 Qd7 29.Qg4+ Kf8
30.Bg7+ Ke7 31.Qh4+  1-0

[Event "Sonnevanck-B"]
[Site "Wijk aan Zee"]
[Date "1995.??.??"]
[Round "6"]
[White "Loeffler, Stefan"]
[Black "Jonkman, Harmen"]
[Result "1/2-1/2"]
[WhiteElo "2425"]
[BlackElo "2290"]

1.Nf3 d5 2.c4 e6 3.d4 Nf6 4.Bg5 Bb4+ 5.Nc3 dxc4 6.Qa4+ Nc6 7.e4 Bd7 8.Qc2 h6
9.Bd2 Bxc3 10.bxc3 b5 11.h4 a6 12.g3 Bc8 13.Bg2 Bb7 14.Rd1 Ne7 15.Ne5 c5
16.Be3 cxd4 17.Bxd4 Qc7 18.g4 Rd8 19.g5 hxg5 20.hxg5 Rxh1+ 21.Bxh1 Nd7 22.Nxd7 Rxd7
23.Bxg7 Qh2 24.Bf3 Qg1+ 25.Ke2 Qxg5 26.Rxd7 Kxd7 27.Qd1+ Kc8 28.Qd4 Nc6 29.Qf6 Qxf6
30.Bxf6 Nb8 31.Ke3 Nd7 32.Be7 Ne5 33.Bh5 f5 34.Bd6 Nd3 35.exf5 exf5 36.a3 Kd7
37.Bg3 Ke6 38.Be8 Nc5 39.Bh4 Nb3 40.Bd8 Nc5 41.Bb6 Ne4 42.Bd4 Ng5 43.Bb6 Nf3
44.a4 bxa4 45.Bxa4 Be4 46.Bd1 Ne5 47.Kd4 Bd3 48.Bc7 Ng4 49.Bxg4 fxg4 50.Kc5 Kf5  1/2-1/2

[Event "Oberliga Wuert9596"]
[Site "Wuerttemberg"]
[Date "1995.??.??"]
[Round "?"]
[White "Fochtler, Ekkehard"]
[Black "Mira, Helene"]
[Result "1-0"]
[WhiteElo "2220"]
[BlackElo "2070"]

1.Nf3 d5 2.c4 c6 3.d4 Nf6 4.Nbd2 e6 5.g3 c5 6.cxd5 Qxd5 7.Nb3 cxd4 8.Qxd4 Nc6
9.Qxd5 Nxd5 10.Bg2 Bb4+ 11.Bd2 O-O 12.Rc1 Rd8 13.Bxb4 Ndxb4 14.a3 Na6 15.O-O e5
16.Nfd2 Bd7 17.Nc4 Be6 18.Nba5 Nxa5 19.Nxa5 Bd5 20.Nxb7 Bxg2 21.Kxg2 Rd2
22.b4 Re8 23.Kf3 Nb8 24.Rfd1 Rxd1 25.Rxd1 Nc6 26.Ke4 g6 27.Rd6 f5+ 28.Kd5 Ne7+
29.Kxe5 Kf7 30.Rd7 Kf8 31.Nd6 Rb8 32.b5 Ra8 33.Ke6  1-0

[Event "Oberliga Wuert9495"]
[Site "Wuerttemberg"]
[Date "1995.??.??"]
[Round "?"]
[White "Fischer, T."]
[Black "Keck, Ingolf"]
[Result "0-1"]
[WhiteElo "2270"]
[BlackElo "2150"]

1.Nf3 d5 2.c4 c6 3.g3 g6 4.Bg2 Bg7 5.O-O e5 6.d3 Ne7 7.Nbd2 O-O 8.Rb1 f5
9.cxd5 cxd5 10.b4 e4 11.Ne1 Nbc6 12.b5 Nd4 13.a4 Bd7 14.Nb3 Ne6 15.Ba3 Rc8
16.Kh1 a6 17.dxe4 fxe4 18.Bxe7 Qxe7 19.Qxd5 Rf5 20.Qxb7 axb5 21.a5 e3 22.f4 Rc7
23.Qe4 Bc6 24.Qxe3 Bxg2+ 25.Nxg2 Rc3 26.Qb6 Rc2 27.a6 Rf8 28.a7 Ra8 29.Rbc1 Rxc1
30.Rxc1 Qxa7 31.Rc8+ Kf7 32.Rc6 Qxb6 33.Rxb6 Rd8  0-1

[Event "ARM-ch"]
[Site "Yerevan"]
[Date "1995.??.??"]
[Round "3"]
[White "Nalbandian, Tigran"]
[Black "Akopian, Vladimir"]
[Result "1/2-1/2"]
[WhiteElo "2460"]
[BlackElo "2625"]

1.Nf3 d5 2.c4 c6 3.g3 Nf6 4.Bg2 dxc4 5.a4 g6 6.Na3 Qd5 7.Qc2 Be6 8.O-O Bg7
9.Qc3 Na6 10.Ne5 Ne4 11.Qxc4 Qxe5 12.Qxe4 Qxe4 13.Bxe4 O-O-O 14.Nb1 Nc5 15.Bc2 Nb3
16.Bxb3 Bxb3 17.d3 h5 18.h4 Rd4 19.Ra3 Bc2 20.Nc3 a5 21.Be3 Rb4 22.Ra2 Bb3
23.Ra3 Bc2 24.Ra2 Bb3 25.Ra3 Be6 26.Rb1 Bxc3 27.Rxc3 Rxa4 28.Ra3 Rxa3 29.bxa3 b5
30.Bb6 a4 31.Bc5 Bb3 32.Rc1 Kd7 33.f4 Re8 34.e4 e5 35.Kf2 f5 36.exf5 gxf5
37.Re1 e4 38.dxe4 fxe4 39.g4 hxg4 40.Kg3 Bf7 41.Kxg4 Rg8+  1/2-1/2

[Event "Zadar op"]
[Site "Zadar"]
[Date "1995.??.??"]
[Round "?"]
[White "Ikica, Ante"]
[Black "Kovacevic, Vladimir"]
[Result "0-1"]
[WhiteElo "2055"]
[BlackElo "2265"]

1.Nf3 d5 2.c4 e6 3.g3 c6 4.Bg2 Nd7 5.Nc3 dxc4 6.O-O Ngf6 7.Qc2 Be7 8.Nd1 O-O
9.Qxc4 c5 10.d3 b6 11.Ne3 Bb7 12.Qc2 Rc8 13.Bd2 Ne8 14.Bc3 Nd6 15.a4 a6 16.Nc4 Nf5
17.e3 Qc7 18.b3 Rfd8 19.Rfd1 Bf6 20.Rac1 Bxc3 21.Qxc3 Ne7 22.e4 Nc6 23.h4 h6
24.Qb2 b5 25.Ne3 Qb6 26.axb5 axb5 27.Nc2 b4 28.Ne3 Na5 29.Nd2 Ba6 30.Nec4 Bxc4
31.dxc4 Nc6 32.Nf3 Qc7 33.Ne1 Nd4 34.f4 Nb8 35.e5 Nbc6 36.Nd3 Na5 37.Nf2 Ndxb3
38.Rb1 Rxd1+ 39.Rxd1 Rd8 40.Qc2 Rxd1+ 41.Qxd1 Nd4 42.Qa4 Qd8 43.Ne4 b3 44.Nd6 b2
45.Qa2 Qb6 46.Nb5 Nxb5 47.cxb5 c4+ 48.Kh2 Qxb5 49.Be4 c3 50.Kh3 Qf1+  0-1

[Event "Zadar op"]
[Site "Zadar"]
[Date "1995.??.??"]
[Round "?"]
[White "Jusic, Zdenko"]
[Black "Dizdar, Goran"]
[Result "1/2-1/2"]
[WhiteElo "2330"]
[BlackElo "2510"]

1.Nf3 d5 2.c4 e6 3.e3 Nf6 4.b3 b6 5.Bb2 Bb7 6.cxd5 exd5 7.Nc3 Bd6 8.Nb5 Be7
9.Be5 Na6 10.Rc1 c5 11.Be2 O-O 12.a3 Ne4 13.d4 Bf6 14.Bf4 g5 15.Be5 Bxe5
16.Nxe5 f6 17.Nf3 Qe7 18.Nd2 f5 19.f3 Nf6 20.Rc3 f4 21.h4 gxh4 22.Rxh4 fxe3
23.Nf1 Bc6 24.Rxe3 Qd7 25.Nc3 Nc7 26.Bd3 Qg7 27.Re5 cxd4 28.Ne2 Rae8 29.Rxe8 Rxe8
30.Bxh7+ Kf7 31.Qc2 Bb5 32.Bd3 Bxd3 33.Qxd3 Ne6 34.Kf2 Qg5 35.g3 Kg8 36.Nxd4 Nc5
37.Qd2 Qxd2+ 38.Nxd2 Rf8 39.b4 Nfe4+ 40.Nxe4 Nxe4+ 41.Kg2 Nd6 42.Rh5 Nc4
43.Kf2 Rd8 44.a4 a5 45.b5 Nb2 46.Nc6 Rd6 47.Rh4 Nc4 48.Ne7+ Kf7 49.Nxd5 Nb2
50.Nc3 Rd2+ 51.Ne2 Rd3 52.Rh7+ Kg8 53.Rh6 Nxa4 54.g4 Rb3 55.Nd4 Rb4 56.Nf5 Rxb5
57.Rf6 Nc3 58.g5 a4 59.Rg6+ Kf8 60.Rf6+ Kg8 61.Rg6+ Kf7 62.Rf6+ Kg8  1/2-1/2

[Event "Zadar op"]
[Site "Zadar"]
[Date "1995.??.??"]
[Round "?"]
[White "Kozul, Zdenko"]
[Black "Palac, Mladen"]
[Result "1-0"]
[WhiteElo "2570"]
[BlackElo "2545"]

1.Nf3 d5 2.c4 e6 3.e3 Nf6 4.b3 Bd6 5.Bb2 O-O 6.Nc3 b6 7.Qc2 c6 8.Rc1 Bb7
9.cxd5 exd5 10.Be2 Re8 11.O-O Nbd7 12.Rfe1 Rc8 13.Bd3 c5 14.Nb5 Bb8 15.Bf5 Bc6
16.Bxf6 Qxf6 17.Nc3 d4 18.Bxh7+ Kh8 19.Ne4 Bxe4 20.Bxe4 Ne5 21.Nxd4 Ng4 22.Nf3 Bxh2+
23.Kf1 g6 24.Ke2 Bd6 25.Rh1+ Kg7 26.Rh4 Ne5 27.Rf4 Qe7 28.Bd5 f5 29.Nh4 Rf8
30.Rh1 Rf6 31.Rh3 Nc4 32.Nxf5+ Rxf5 33.Rxf5 gxf5 34.Qxf5  1-0

[Event "Zalakaros op"]
[Site "Zalakaros"]
[Date "1995.??.??"]
[Round "5"]
[White "Kustar, Sandor"]
[Black "Csikos, Mihaly"]
[Result "1-0"]
[WhiteElo "2435"]
[BlackElo "2095"]

1.Nf3 d5 2.c4 e6 3.d4 Nf6 4.g3 Nbd7 5.Bg2 dxc4 6.Qa4 Bd6 7.Qxc4 c6 8.Nc3 O-O
9.Bf4 Nb6 10.Qb3 Bxf4 11.gxf4 Nbd5 12.e3 a5 13.O-O Nd7 14.Rac1 Qf6 15.Ne4 Qe7
16.a3 f6 17.Rfd1 Kh8 18.Nc3 g5 19.fxg5 fxg5 20.Qc2 g4 21.Ne1 Qh4 22.Ne4 N7f6
23.Ng3 Qg5 24.Nd3 h5 25.e4 h4 26.exd5 hxg3 27.dxc6 gxh2+ 28.Kh1 bxc6 29.Qc5 Qh6
30.Qe5 Bb7 31.Qxh2 Qxh2+ 32.Kxh2 Nd5 33.Kg3 Rab8 34.Rd2 Rf6 35.Rh1+ Kg7 36.Rh4 Bc8
37.Rxg4+ Kf8 38.Nc5 Ne7 39.Kh2  1-0

[Event "Zalakaros op"]
[Site "Zalakaros"]
[Date "1995.??.??"]
[Round "8"]
[White "Feher, Gyula"]
[Black "Fogarasi, Tibor"]
[Result "0-1"]
[WhiteElo "2420"]
[BlackElo "2500"]

1.Nf3 d5 2.c4 e6 3.g3 c5 4.Bg2 Nf6 5.O-O Nc6 6.b3 Be7 7.Bb2 d4 8.e3 e5 9.exd4 exd4
10.Na3 O-O 11.d3 h6 12.Nc2 Bg4 13.h3 Bh5 14.g4 Bg6 15.b4 Nd7 16.b5 Na5 17.Nce1 a6
18.a4 f5 19.Bc1 fxg4 20.hxg4 Bd6 21.Rb1 Kh7 22.Bd2 axb5 23.axb5 Qe7 24.Nh2 Ra7
25.f4 b6 26.f5 Bf7 27.Nef3 Ne5 28.g5 Bh5 29.Bh3 Qd8 30.Qc2 Re7 31.Nxe5 Bxe5
32.Rbe1 Bb8 33.Bc1 Rxe1 34.Rxe1 Qd6 35.Qf2 Nb3 36.f6 gxf6 37.Bf5+ Bg6 38.Bxg6+ Kxg6
39.gxh6 Qg3+  0-1

[Event "Aberdeen op"]
[Site "Aberdeen"]
[Date "1996.??.??"]
[Round "5"]
[White "Wall, Tim"]
[Black "Hodgson, Julian M"]
[Result "1-0"]
[WhiteElo "2250"]
[BlackElo "2615"]

1.Nf3 d5 2.c4 c6 3.e3 Nf6 4.b3 Bg4 5.Bb2 e6 6.Be2 Bd6 7.d3 Nbd7 8.cxd5 exd5
9.Nbd2 O-O 10.O-O Re8 11.a3 a5 12.Re1 Qb6 13.Qc2 Rad8 14.Bc3 c5 15.Qb2 Bb8
16.b4 d4 17.exd4 cxb4 18.axb4 Nd5 19.bxa5  1-0

[Event "Aegina op"]
[Site "Aegina"]
[Date "1996.??.??"]
[Round "2"]
[White "Argiroudis, Stamatis"]
[Black "Miladinovic, Igor"]
[Result "0-1"]
[WhiteElo "2215"]
[BlackElo "2535"]

1.Nf3 d5 2.c4 d4 3.b4 g6 4.Bb2 Bg7 5.d3 e5 6.g3 Ne7 7.Bg2 c5 8.bxc5 Nd7 9.O-O Nxc5
10.Nbd2 Bd7 11.Nb3 Na4 12.Ba3 O-O 13.Qd2 Re8 14.Rab1 Nf5 15.Nc5 Nxc5 16.Bxc5 Bc6
17.Ne1 Qd7 18.Qc2 Rec8 19.Bxc6 Rxc6 20.Qa4 g5 21.e4 dxe3 22.Bxe3 g4 23.Qb5 b6
24.Nc2 Rd6 25.Qxd7 Rxd7 26.Nb4 Rad8 27.Rfd1 Ne7 28.Kf1 h6 29.Ke2 f5 30.a4 Kf7
31.f3 gxf3+ 32.Kxf3 a5 33.Nd5 Nxd5 34.cxd5 Rxd5 35.Rxb6 e4+ 36.Ke2 exd3+
37.Kd2 Bf8 38.Rc1 Re8 39.Rc7+ Kg8 40.Rg6+ Kh8 41.Ra6 Rxe3 42.Ra8 Re2+ 43.Kd1 Kg8
44.Rcc8 d2 45.Rxf8+ Kg7 46.Rg8+ Kh7 47.Rh8+ Kg6 48.Rag8+ Kh5 49.g4+ fxg4  0-1

[Event "RUS-ch sf"]
[Site "Arkhangelsk"]
[Date "1996.??.??"]
[Round "?"]
[White "Yasinsky, V."]
[Black "Zarubin, Pavel"]
[Result "0-1"]
[WhiteElo "2315"]
[BlackElo "2450"]

1.Nf3 d5 2.c4 e6 3.g3 g6 4.Bg2 Bg7 5.O-O Ne7 6.d4 O-O 7.Qc2 Nf5 8.e3 Nd7
9.Nbd2 b6 10.b3 Bb7 11.Bb2 c5 12.cxd5 exd5 13.dxc5 bxc5 14.Bxg7 Nxg7 15.e4 d4
16.Rfe1 Ne6 17.Nc4 Nb6 18.Nce5 Rc8 19.h4 Re8 20.Rad1 Qe7 21.Qc1 Ba6 22.Qa3 Bb5
23.Qa5 Bc6 24.Nxc6 Rxc6 25.e5 Rc7 26.Nd2 Rd8 27.Bf1 Kg7 28.Bd3  0-1

[Event "Donau op 5th"]
[Site "Aschach"]
[Date "1996.??.??"]
[Round "6"]
[White "Knoll, Hermann"]
[Black "Amberger, Dieter"]
[Result "1-0"]
[WhiteElo "2245"]
[BlackElo "2100"]

1.Nf3 d5 2.c4 dxc4 3.e3 Nf6 4.Bxc4 e6 5.O-O c5 6.d4 a6 7.a4 Nc6 8.Nc3 cxd4
9.exd4 Nb4 10.Bg5 Be7 11.Qe2 O-O 12.Rfd1 Nbd5 13.Ne5 Qa5 14.Rd3 h6 15.Bd2 Nxc3
16.bxc3 Bd7 17.Rg3 Kh8 18.Bd3 Bc6 19.Rh3 Qd5 20.f3 Qd8 21.Bxh6 gxh6 22.Qe3 Ng8
23.Rxh6+ Kg7 24.Rh7+  1-0

[Event "AUT-chT2W 9596"]
[Site "Austria"]
[Date "1996.??.??"]
[Round "?"]
[White "Dizdar, Goran"]
[Black "Bachmayr, Peter"]
[Result "1-0"]
[WhiteElo "2510"]
[BlackElo "2265"]

1.Nf3 d5 2.c4 e6 3.g3 Nf6 4.Bg2 Be7 5.O-O O-O 6.b3 c5 7.Bb2 Nc6 8.e3 b6 9.Nc3 Bb7
10.cxd5 exd5 11.d4 Rc8 12.Rc1 Ba6 13.Re1 c4 14.bxc4 Bxc4 15.Ne5 b5 16.Nxc4 bxc4
17.Qa4 Nb4 18.Rb1 Nd3 19.Red1 a5 20.a3 Qd6 21.Ba1 Qxa3 22.Qxa3 Bxa3 23.Bxd5 Bb4
24.Bb7 Rc7 25.Bf3 Rfc8 26.e4 Rd8 27.e5 Nd7 28.Nd5 Rcc8 29.Be4 Rb8 30.Bxd3 cxd3
31.Rxd3 Bf8 32.Rbd1 Rb5 33.Nc3 Rb3 34.Kf1 h5 35.Ke2 g6 36.f4 Ra8 37.Ne4 a4
38.d5 Nc5 39.Nxc5 Bxc5 40.Rxb3 axb3 41.Kd3 Ra2 42.Kc3 Rc2+ 43.Kxb3 Rxh2 44.Rc1  1-0